[Event "FRA-chT2 0910"]
[Site "France"]
[Date "2009.10.04"]
[Round "1.5"]
[White "Blanche, Paul"]
[Black "Beneteau, Hubert"]
[Result "0-1"]
[WhiteElo "2120"]
[BlackElo "2111"]
[PlyCount "114"]
[EventDate "2009.09.27"]
[EventType "team"]
[EventRounds "11"]
[EventCountry "FRA"]
[Source "ChessBase"]
[SourceDate "2010.03.11"]

1. d4 f5 2. g3 Nf6 3. Bg2 g6 4. Nh3 Bg7 5. Nf4 O-O 6. h4 c5 7. c3 cxd4 8. cxd4
e5 9. Qb3+ Kh8 10. dxe5 Ng4 11. Nd5 Bxe5 12. Bg5 Qa5+ 13. Nbc3 Nc6 14. e3 h6
15. Bf4 d6 16. Bf3 Be6 17. Rd1 Rab8 18. O-O b5 19. Ne2 h5 20. Qc2 Rbc8 21. Qb1
Nb4 22. a3 Nxd5 23. Bxd5 Bxd5 24. Rxd5 Qc7 25. Bxe5+ dxe5 26. Rxb5 Qc4 27. Nc3
Rfd8 28. Rb4 Qc5 29. Qa2 Kg7 30. Rb7+ Rc7 31. Rxc7+ Qxc7 32. Qe6 Nf6 33. b4 Re8
34. Qb3 f4 35. exf4 exf4 36. Nb5 Qe5 37. Nxa7 Ne4 38. Nc6 Qf6 39. Qd5 Qe6 40.
b5 Nc3 41. Qd7+ Kh6 42. Nd8 Re7 43. Qc6 Qe5 44. Qf3 Ne2+ 45. Kg2 Qxb5 46. Re1
Kg7 47. Nc6 Re6 48. Nb4 Qc4 49. Qd5 f3+ 50. Kh2 Qe4 51. Qd7+ Kf8 52. Qd8+ Kf7
53. Qg5 Qd4 54. Rf1 Re5 55. Qh6 Re4 56. Qh7+ Kf8 57. Qxg6 Rxh4+ 0-1

[Event "FRA-chT2 0910"]
[Site "France"]
[Date "2009.10.04"]
[Round "1.5"]
[White "Bouton, Christophe"]
[Black "Maillot, Fabien"]
[Result "1-0"]
[WhiteElo "2084"]
[BlackElo "2067"]
[PlyCount "219"]
[EventDate "2009.09.27"]
[EventType "team"]
[EventRounds "11"]
[EventCountry "FRA"]
[Source "ChessBase"]
[SourceDate "2010.03.11"]

1. d4 Nf6 2. Nf3 c5 3. e3 g6 4. d5 Bg7 5. c4 O-O 6. Nc3 d6 7. h3 e6 8. dxe6
fxe6 9. Be2 Nc6 10. O-O a6 11. e4 Ne8 12. Be3 Qb6 13. Rb1 Bd7 14. Qd2 Nd4 15.
b4 Nxe2+ 16. Nxe2 Qc7 17. bxc5 Bc6 18. Ng5 Qd7 19. Nd4 Bxd4 20. Qxd4 e5 21. Qd1
h6 22. Nf3 g5 23. Nd2 Nf6 24. f3 Nh5 25. cxd6 Qxd6 26. c5 Qe6 27. Qb3 Qxb3 28.
Rxb3 Bb5 29. Ra1 Rad8 30. a4 Bc6 31. Nc4 Rfe8 32. Nd6 Re7 33. a5 Nf4 34. Bxf4
exf4 35. Rc1 Kh7 36. Kf2 Kg6 37. Rb6 Kh7 38. Ke2 Rdd7 39. Ke1 Rd8 40. Rb2 Kg6
41. Rcb1 Rdd7 42. Rd2 Kh7 43. Nf5 Rxd2 44. Kxd2 Rd7+ 45. Nd6 h5 46. Kc3 Kg6 47.
Rd1 g4 48. h4 Kf6 49. Kd4 gxf3 50. gxf3 Rg7 51. Rb1 Ke6 52. Nf5 Rg2 53. Kc3 Ke5
54. Rd1 Ra2 55. Nd4 Rxa5 56. Nb3 Ra2 57. Rg1 a5 58. Rg5+ Ke6 59. Nd4+ Kd7 60.
Rxh5 Rh2 61. Rh7+ Ke8 62. Nxc6 bxc6 63. Kd4 Rh3 64. Ke5 Rxf3 65. Ra7 Rh3 66.
Kxf4 Rxh4+ 67. Ke5 Rh5+ 68. Kd6 Rh6+ 69. Ke5 Rh5+ 70. Kd4 Kd8 71. Rxa5 Kd7 72.
Ra7+ Kd8 73. Rf7 Rh1 74. Ke5 Rd1 75. Ra7 Rd2 76. Rg7 Rd1 77. Rg6 Kc7 78. Rg7+
Kd8 79. Ke6 Rd2 80. Rg8+ Kc7 81. Rg7+ Kd8 82. Rg1 Rd3 83. Rc1 Rd2 84. Rc4 Rd1
85. Ra4 Rd2 86. Ra8+ Kc7 87. Rh8 Rd1 88. Rh5 Rd2 89. Ke5 Rd1 90. Rh7+ Kd8 91.
Rh6 Kc7 92. Ke6 Kd8 93. Rh8+ Kc7 94. Rh7+ Kd8 95. e5 Rd2 96. Rh6 Kc7 97. Rh7+
Kd8 98. Rh5 Rd1 99. Kf6 Rf1+ 100. Rf5 Re1 101. Rf2 Kd7 102. Rd2+ Kc7 103. Ra2
Rf1+ 104. Ke7 Rd1 105. Ra7+ Kc8 106. e6 Re1 107. Kd6 Rd1+ 108. Kxc6 Kb8 109. e7
Re1 110. Rd7 1-0

[Event "FRA-chT2 0910"]
[Site "France"]
[Date "2009.10.04"]
[Round "1.5"]
[White "Briquet, Jean Pierre"]
[Black "Guichard, Hugo"]
[Result "1/2-1/2"]
[WhiteElo "2063"]
[BlackElo "1898"]
[PlyCount "75"]
[EventDate "2009.09.27"]
[EventType "team"]
[EventRounds "11"]
[EventCountry "FRA"]
[Source "ChessBase"]
[SourceDate "2010.03.11"]

1. d4 e6 2. c4 f5 3. g3 Nf6 4. Bg2 d6 5. Nf3 Be7 6. O-O O-O 7. Nc3 Qe8 8. Re1
Ne4 9. Qc2 Nxc3 10. bxc3 Nd7 11. e4 Qg6 12. exf5 Rxf5 13. Nd2 Qf7 14. Bh3 Rf6
15. Ne4 Rg6 16. Qe2 e5 17. d5 Nf8 18. Bxc8 Rxc8 19. Rf1 Re8 20. Bd2 Qf5 21.
Rae1 Nd7 22. f4 Bd8 23. Qg2 Qh5 24. f5 Rg4 25. h3 Rxe4 26. Rxe4 Nc5 27. Re2 Rf8
28. g4 Qh4 29. Be3 Nd3 30. Bd2 Nf4 31. Bxf4 exf4 32. Rd2 Bf6 33. Qf3 Be5 34.
Re1 Qf6 35. Red1 Qg5 36. Re1 Rxf5 37. Kh2 Bf6 38. Re4 1/2-1/2

[Event "FRA-chT2 0910"]
[Site "France"]
[Date "2009.10.04"]
[Round "1.5"]
[White "Chagny, Pierre"]
[Black "Lumsdon, Andrew"]
[Result "0-1"]
[WhiteElo "2161"]
[BlackElo "2051"]
[PlyCount "88"]
[EventDate "2009.09.27"]
[EventType "team"]
[EventRounds "11"]
[EventCountry "FRA"]
[Source "ChessBase"]
[SourceDate "2010.03.11"]

1. Nf3 Nf6 2. c4 d5 3. cxd5 Nxd5 4. e4 Nb6 5. d4 g6 6. Be3 Bg7 7. Nc3 O-O 8.
Be2 Bg4 9. Qd2 Bxf3 10. gxf3 e5 11. d5 c6 12. Rc1 cxd5 13. Bxb6 axb6 14. Nxd5
Rxa2 15. Rc7 Nc6 16. Rxb7 Nd4 17. O-O Qh4 18. Rxb6 Bh6 19. Qd1 Rd8 20. Kg2 Ne6
21. Bc4 Bf4 22. Rh1 Ng5 23. h3 Raa8 24. Rb7 Ne6 25. Qb1 Qg5+ 26. Kf1 Rac8 27.
Ne7+ Kh8 28. Nxc8 Rxc8 29. b3 Nd4 30. Qd1 Ra8 31. Rxf7 Ra2 32. h4 Qd8 33. h5 g5
34. Rxf4 exf4 35. Kg2 g4 36. fxg4 f3+ 37. Kh3 Rxf2 38. Qa1 Rg2 39. Bd5 Qf6 40.
Qa8+ Kg7 41. Qb8 Ne2 42. Qg8+ Kh6 43. g5+ Rxg5 44. Qf7 Rg3+ 0-1

[Event "FRA-chT2 0910"]
[Site "France"]
[Date "2009.10.04"]
[Round "1.5"]
[White "Couderc, Christophe"]
[Black "Mandarin, Vitomir"]
[Result "0-1"]
[WhiteElo "2086"]
[BlackElo "2165"]
[PlyCount "100"]
[EventDate "2009.09.27"]
[EventType "team"]
[EventRounds "11"]
[EventCountry "FRA"]
[Source "ChessBase"]
[SourceDate "2010.03.11"]

1. d4 d5 2. c4 c6 3. Nc3 Nf6 4. Nf3 e6 5. Bg5 Be7 6. e3 Nbd7 7. Rc1 O-O 8. Bd3
dxc4 9. Bxc4 b5 10. Bd3 a6 11. O-O Bb7 12. Qe2 c5 13. Rfd1 cxd4 14. exd4 Re8
15. Ne5 Rc8 16. Qe3 Nf8 17. Qf4 Ng6 18. Nxg6 hxg6 19. Qh4 b4 20. Ne2 Qd5 21.
Nf4 Rxc1 22. Rxc1 Qxd4 23. Nxg6 Qxh4 24. Nxe7+ Rxe7 25. Bxh4 Rd7 26. Bxf6 Rxd3
27. Bg5 f6 28. Be3 a5 29. Kf1 a4 30. Ke2 Ba6 31. Kf3 Kf7 32. Rc7+ Kg6 33. Ra7
Bb5 34. Ra5 Rd5 35. Kg3 e5 36. f4 Kf5 37. fxe5 fxe5 38. Ra7 Ke4 39. Bf2 Rd3+
40. Kh4 Rd2 41. Rb7 Rxf2 42. Rxb5 Rxb2 43. h3 b3 44. Rb4+ Kd3 45. axb3 axb3 46.
Rg4 e4 47. Rxg7 e3 48. g4 e2 49. Rd7+ Kc2 50. Rc7+ Kd1 0-1

[Event "FRA-chT2 0910"]
[Site "France"]
[Date "2009.10.04"]
[Round "1.5"]
[White "Cwiek, Perrine"]
[Black "Bastin, Stephane"]
[Result "1-0"]
[WhiteElo "1824"]
[BlackElo "2001"]
[PlyCount "71"]
[EventDate "2009.09.27"]
[EventType "team"]
[EventRounds "11"]
[EventCountry "FRA"]
[Source "ChessBase"]
[SourceDate "2010.03.11"]

1. e4 e6 2. d4 d5 3. Nd2 Nf6 4. e5 Nfd7 5. Bd3 c5 6. c3 Nc6 7. Ne2 b6 8. O-O
cxd4 9. cxd4 Nb4 10. Bb1 Ba6 11. Nf3 f5 12. exf6 Qxf6 13. Re1 Bd6 14. Bg5 Qf7
15. Qd2 Rc8 16. Nf4 O-O 17. Nxe6 Rfe8 18. Bf4 Bxf4 19. Nxf4 Rxe1+ 20. Nxe1 Re8
21. Ned3 Nc6 22. Ne1 Rxe1+ 23. Qxe1 Qxf4 24. Qe8+ Nf8 25. Qxc6 Qxd4 26. Bf5 Qe5
27. Bg4 d4 28. Rd1 d3 29. Qc3 Qd6 30. Bf5 Ne6 31. Bxd3 Bxd3 32. Rxd3 Qc5 33.
Qb3 Kh8 34. Rc3 Qd6 35. Re3 Qd2 36. Qxe6 1-0

[Event "FRA-chT2 0910"]
[Site "France"]
[Date "2009.10.04"]
[Round "1.5"]
[White "Dinayet, Kazi Rashedul"]
[Black "Glod, Philippe"]
[Result "1-0"]
[WhiteElo "2042"]
[BlackElo "2191"]
[PlyCount "45"]
[EventDate "2009.09.27"]
[EventType "team"]
[EventRounds "11"]
[EventCountry "FRA"]
[Source "ChessBase"]
[SourceDate "2010.03.11"]

1. d4 Nf6 2. c4 g6 3. Nc3 d5 4. Nf3 Bg7 5. cxd5 Nxd5 6. e4 Nxc3 7. bxc3 c5 8.
Be3 Nc6 9. Qd2 Qa5 10. Rc1 cxd4 11. cxd4 Qxd2+ 12. Kxd2 O-O 13. Bb5 f5 14. Bxc6
bxc6 15. exf5 Bxf5 16. Rxc6 Rfb8 17. Kc3 Rb6 18. Rxb6 axb6 19. Rb1 Be6 20. a4
Bd5 21. Rb4 e6 22. Rb5 Rb8 23. Bg5 1-0

[Event "FRA-chT2 0910"]
[Site "France"]
[Date "2009.10.04"]
[Round "1.5"]
[White "Dionisi, Thomas"]
[Black "Favre, Mathieu"]
[Result "1/2-1/2"]
[WhiteElo "2105"]
[BlackElo "2036"]
[PlyCount "184"]
[EventDate "2009.09.27"]
[EventType "team"]
[EventRounds "11"]
[EventCountry "FRA"]
[Source "ChessBase"]
[SourceDate "2010.03.11"]

1. e4 d5 2. exd5 Qxd5 3. Nc3 Qa5 4. d4 Nf6 5. Nf3 c6 6. Bc4 Bf5 7. Qe2 e6 8.
Bd2 Bb4 9. O-O-O Nbd7 10. Kb1 O-O-O 11. a3 Bxc3 12. Bxc3 Qc7 13. Bb4 Nd5 14.
Bd2 N7f6 15. Bb3 Ne4 16. Nh4 Rhe8 17. Nxf5 exf5 18. Qf3 g6 19. Bc1 Re7 20. Ka2
b5 21. c4 bxc4 22. Bxc4 Qa5 23. Ka1 Rb7 24. Bxd5 Rxd5 25. Qe2 Qb5 26. Qxb5 cxb5
27. Be3 Kd7 28. f3 Nd6 29. Rc1 Nc4 30. Bf2 a5 31. a4 Nd2 32. Ka2 bxa4 33. Rc5
Rxc5 34. dxc5 Kc6 35. Rc1 Nb3 36. Rc2 Rb4 37. Ka3 f4 38. Bg1 g5 39. Bf2 h5 40.
Bg1 g4 41. Re2 gxf3 42. gxf3 Rc4 43. Re5 Nd2 44. Bf2 Rb4 45. Re2 Nc4+ 46. Ka2
Rb3 47. Re4 Rxb2+ 48. Ka1 Rxf2 49. Rxc4 Rxf3 50. Rxa4 h4 51. Rxa5 Rf1+ 52. Kb2
Rf2+ 53. Kc3 Rxh2 54. Kd4 Rd2+ 55. Ke4 h3 56. Kxf4 h2 57. Ra6+ Kxc5 58. Rh6 Kd5
59. Ke3 Ra2 60. Kf3 Ke5 61. Rh5+ f5 62. Rh8 Rb2 63. Re8+ Kf6 64. Rh8 Kg7 65.
Rh5 Kg6 66. Rh8 Ra2 67. Kg3 Kg5 68. Rg8+ Kf6 69. Rh8 Ra7 70. Rxh2 Kg5 71. Rh8
Ra3+ 72. Kf2 Kg4 73. Rb8 Ra2+ 74. Kf1 f4 75. Rb3 Ra8 76. Kf2 Rh8 77. Ra3 Rh2+
78. Kf1 Rc2 79. Rb3 Rh2 80. Ra3 Rh1+ 81. Kf2 Rb1 82. Rc3 Rd1 83. Ra3 Rd2+ 84.
Kf1 Rh2 85. Rb3 Ra2 86. Rc3 Ra4 87. Kf2 f3 88. Rc8 Ra2+ 89. Kf1 Ra5 90. Rg8+
Kf4 91. Rf8+ Rf5 92. Rxf5+ Kxf5 1/2-1/2

[Event "FRA-chT2 0910"]
[Site "France"]
[Date "2009.10.04"]
[Round "1.5"]
[White "Frederic, Clement"]
[Black "Jeanne, Mickael"]
[Result "0-1"]
[WhiteElo "2207"]
[BlackElo "2150"]
[PlyCount "84"]
[EventDate "2009.09.27"]
[EventType "team"]
[EventRounds "11"]
[EventCountry "FRA"]
[Source "ChessBase"]
[SourceDate "2010.03.11"]

1. e4 e6 2. Nc3 d5 3. d4 Bb4 4. e5 Qd7 5. a3 Bxc3+ 6. bxc3 b6 7. Qg4 f5 8. Qg3
Ba6 9. Bxa6 Nxa6 10. Ne2 Nb8 11. Nf4 Nc6 12. a4 O-O-O 13. a5 Qf7 14. axb6 cxb6
15. Qd3 Rd7 16. c4 Nge7 17. c3 g5 18. cxd5 Nxd5 19. Nxd5 Rxd5 20. Qc4 Kd7 21.
Qa6 Rc8 22. Bb2 Kd8 23. O-O Na5 24. Ra4 Qd7 25. Rb4 Qb7 26. Qe2 Qf7 27. c4 Nc6
28. Ra4 Ra5 29. Rfa1 Qd7 30. Qh5 Rxa4 31. Rxa4 g4 32. Ra1 Na5 33. Ba3 Rxc4 34.
Qg5+ Kc8 35. Bd6 Kb7 36. Rd1 Nc6 37. Qd2 Rxd4 38. Qc2 Rxd1+ 39. Qxd1 Nxe5 40.
Qd4 Nc6 41. Qd2 Nd8 42. Qf4 Nf7 0-1

[Event "FRA-chT2 0910"]
[Site "France"]
[Date "2009.10.04"]
[Round "1.5"]
[White "Godart, Francois"]
[Black "Goasdoue, Vincent"]
[Result "1-0"]
[WhiteElo "2178"]
[BlackElo "2134"]
[PlyCount "37"]
[EventDate "2009.09.27"]
[EventType "team"]
[EventRounds "11"]
[EventCountry "FRA"]
[Source "ChessBase"]
[SourceDate "2010.03.11"]

1. d4 c5 2. d5 Nf6 3. c4 Ne4 4. Nd2 Qa5 5. Qc2 Nd6 6. e4 g6 7. Ngf3 Bg7 8. Be2
Na6 9. O-O b5 10. e5 Nxc4 11. Bxc4 bxc4 12. Nxc4 Qb5 13. Bg5 h6 14. Qe4 hxg5
15. Nd6+ exd6 16. exd6+ Kf8 17. Qe7+ Kg8 18. Nxg5 Rh7 19. Qxf7+ 1-0

[Event "FRA-chT2 0910"]
[Site "France"]
[Date "2009.10.04"]
[Round "1.5"]
[White "Jean, Olivier"]
[Black "Sebban, Jean Paul"]
[Result "1/2-1/2"]
[WhiteElo "2190"]
[BlackElo "2197"]
[PlyCount "62"]
[EventDate "2009.09.27"]
[EventType "team"]
[EventRounds "11"]
[EventCountry "FRA"]
[Source "ChessBase"]
[SourceDate "2010.03.11"]

1. c4 e6 2. Nf3 f5 3. g3 Nf6 4. Bg2 d5 5. O-O a5 6. b3 Na6 7. Bb2 Bc5 8. d4 Bd6
9. Nbd2 O-O 10. c5 Be7 11. Ne5 Bd7 12. a3 Nb8 13. Qc2 Nc6 14. Nd3 b5 15. Rad1
Be8 16. Nf3 Ne4 17. Nfe5 Bf6 18. f3 Ng5 19. Nf2 Bxe5 20. dxe5 Bg6 21. Bc1 Qe7
22. h4 Nf7 23. Nd3 Nh8 24. Nf4 Rad8 25. h5 Be8 26. e4 d4 27. Bh3 g6 28. exf5
gxf5 29. Kh2 Nf7 30. g4 fxg4 31. fxg4 Ng5 1/2-1/2

[Event "FRA-chT2 0910"]
[Site "France"]
[Date "2009.10.04"]
[Round "1.5"]
[White "Joguet, Boris"]
[Black "Broca, Alexandre"]
[Result "0-1"]
[WhiteElo "2108"]
[BlackElo "2148"]
[PlyCount "62"]
[EventDate "2009.09.27"]
[EventType "team"]
[EventRounds "11"]
[EventCountry "FRA"]
[Source "ChessBase"]
[SourceDate "2010.03.11"]

1. e4 e5 2. Nf3 f5 3. Nxe5 Qf6 4. d4 d6 5. Nc4 fxe4 6. Nc3 Qg6 7. Be3 Nf6 8.
Qd2 Be7 9. h3 O-O 10. g4 c6 11. Be2 b5 12. Na5 d5 13. f4 exf3 14. Bxf3 b4 15.
Na4 Ne4 16. Qg2 Bh4+ 17. Kd1 Nd7 18. a3 Ba6 19. Bxe4 dxe4 20. axb4 Rf3 21. Ra3
Raf8 22. Nc5 Nxc5 23. bxc5 Rf1+ 24. Rxf1 Rxf1+ 25. Kd2 Be1+ 26. Kd1 Bb4+ 27.
Qxf1 Bxf1 28. Ra4 Qf6 29. Kc1 Qf3 30. Bg5 Qf2 31. c3 Bd3 0-1

[Event "FRA-chT2 0910"]
[Site "France"]
[Date "2009.10.04"]
[Round "1.5"]
[White "Konopka, Jeremiasz"]
[Black "Gaillard, Michel"]
[Result "1-0"]
[WhiteElo "2009"]
[BlackElo "1979"]
[PlyCount "157"]
[EventDate "2009.09.27"]
[EventType "team"]
[EventRounds "11"]
[EventCountry "FRA"]
[Source "ChessBase"]
[SourceDate "2010.03.11"]

1. f4 c5 2. e4 g6 3. Nf3 Bg7 4. Nc3 Nc6 5. Bc4 a6 6. a4 e6 7. O-O Nge7 8. e5
O-O 9. Ne4 Nf5 10. Ra3 Rb8 11. g4 b5 12. axb5 axb5 13. gxf5 exf5 14. Bxf7+ Rxf7
15. Nd6 Rf8 16. d4 b4 17. Re3 Qb6 18. c3 bxc3 19. bxc3 Ne7 20. d5 Ba6 21. Rf2
c4 22. Ree2 Qc5 23. Be3 Qxd5 24. Rd2 Qa5 25. Ra2 Qxc3 26. Bd4 Qb3 27. Qxb3 cxb3
28. Rxa6 Nd5 29. Rb2 Nxf4 30. Ra3 Ne6 31. Bc3 Nc5 32. Bd4 Ne6 33. Ba7 Rb4 34.
Rbxb3 Rxb3 35. Rxb3 g5 36. Rb5 Ra8 37. Rb7 g4 38. Nh4 Bxe5 39. Nhxf5 Nf8 40.
Nh6+ Kg7 41. Kg2 Bf4 42. Nhf5+ Kg6 43. Ne7+ Kf6 44. Nd5+ Ke5 45. Nxf4 Kxd6 46.
Bf2 Ke5 47. Nd3+ Kd5 48. Rb4 Ne6 49. Rxg4 Rf8 50. Nb4+ Ke5 51. Bg3+ Kf5 52. Rh4
Kg6 53. Nd5 h5 54. Bd6 Ra8 55. Nf4+ Nxf4+ 56. Rxf4 Ra6 57. Rd4 Kf5 58. Kg3 Ke6
59. Bf4 Ra5 60. Kh4 Rf5 61. Bg5 Rf2 62. Bf4 d5 63. Kxh5 Rc2 64. Kg5 Rc8 65. Kg4
Rg8+ 66. Kf3 Rh8 67. Rb4 Rh7 68. Kg4 Rg7+ 69. Bg5 Ke5 70. h4 d4 71. h5 d3 72.
h6 d2 73. Rb1 Rd7 74. Rd1 Rd4+ 75. Kh5 Rd7 76. Rxd2 Rb7 77. Re2+ Kf5 78. Rf2+
Ke5 79. Kg6 1-0

[Event "FRA-chT2 0910"]
[Site "France"]
[Date "2009.10.04"]
[Round "1.5"]
[White "Le Hetet, Nicolas"]
[Black "Daumens, Michel"]
[Result "1-0"]
[WhiteElo "2117"]
[BlackElo "2147"]
[PlyCount "79"]
[EventDate "2009.09.27"]
[EventType "team"]
[EventRounds "11"]
[EventCountry "FRA"]
[Source "ChessBase"]
[SourceDate "2010.03.11"]

1. e4 c5 2. Nf3 Nc6 3. d4 cxd4 4. Nxd4 g6 5. g3 Bg7 6. Ne2 d6 7. Bg2 Bd7 8.
Nbc3 Qa5 9. O-O Rc8 10. Nd5 Nf6 11. Bd2 Qa6 12. Bc3 Nh5 13. h3 Bxc3 14. Nexc3
Ng7 15. Re1 f6 16. a4 Qa5 17. Nb5 O-O 18. Nd4 Rfe8 19. c3 Qd8 20. f4 Kh8 21.
Qd3 Ne6 22. Kh2 Nc5 23. Qd1 b6 24. b4 Ne6 25. Nb3 Nc7 26. Qd2 Be6 27. b5 Nb8
28. Nd4 Bf7 29. Rad1 e5 30. Nc2 Nxd5 31. exd5 Qc7 32. fxe5 fxe5 33. Re3 Nd7 34.
Rf1 Bg8 35. Nb4 Rf8 36. Ref3 Kg7 37. Nc6 Rxf3 38. Rxf3 Rf8 39. Rxf8 Nxf8 40.
Qg5 1-0

[Event "FRA-chT2 0910"]
[Site "France"]
[Date "2009.10.04"]
[Round "1.5"]
[White "Le Masle, Raphael"]
[Black "Cadiou, Jacques"]
[Result "1-0"]
[WhiteElo "2072"]
[BlackElo "1996"]
[PlyCount "51"]
[EventDate "2009.09.27"]
[EventType "team"]
[EventRounds "11"]
[EventCountry "FRA"]
[Source "ChessBase"]
[SourceDate "2010.03.11"]

1. e4 c5 2. Nf3 e6 3. d4 cxd4 4. Nxd4 a6 5. Bd3 Bc5 6. Nb3 Be7 7. Nc3 d6 8. O-O
Nf6 9. f4 Qc7 10. Qe1 Nc6 11. Bd2 b6 12. Qg3 g6 13. f5 gxf5 14. exf5 Rg8 15.
Qh3 e5 16. Ne4 Bb7 17. Nxf6+ Bxf6 18. Be4 Ne7 19. Bxb7 Qxb7 20. c4 Qe4 21. Bb4
Qxc4 22. Bxd6 Nd5 23. Qf3 Rd8 24. Rac1 e4 25. Rfe1 Be5 26. Rxe4 1-0

[Event "FRA-chT2 0910"]
[Site "France"]
[Date "2009.10.04"]
[Round "1.5"]
[White "Luce, Sebastien"]
[Black "Marzolf, Bruno"]
[Result "1-0"]
[WhiteElo "2330"]
[BlackElo "2242"]
[PlyCount "67"]
[EventDate "2009.09.27"]
[EventType "team"]
[EventRounds "11"]
[EventCountry "FRA"]
[Source "ChessBase"]
[SourceDate "2010.03.11"]

1. d4 d5 2. Nf3 Nc6 3. Bf4 Bg4 4. e3 e6 5. h3 Bh5 6. c4 Bb4+ 7. Nc3 Nf6 8. a3
Bxc3+ 9. bxc3 dxc4 10. Bxc4 Nd5 11. Bh2 Qf6 12. Rc1 a6 13. Be2 Qe7 14. c4 Nb6
15. Qb3 Rb8 16. O-O O-O 17. Rc3 Rfd8 18. Re1 Bg6 19. Rcc1 f6 20. Red1 Bf7 21.
Rb1 Nc8 22. c5 Qd7 23. Bd3 N8e7 24. Qc2 Bg6 25. Bxg6 hxg6 26. Qb3 b5 27. cxb6
Rxb6 28. Qc2 Rdb8 29. Rxb6 Rxb6 30. Nd2 Rb5 31. Nb3 Kf7 32. Nc5 Qc8 33. Rc1 Na5
34. Bg3 1-0

[Event "FRA-chT2 0910"]
[Site "France"]
[Date "2009.10.04"]
[Round "1.5"]
[White "Miraoui, Karim"]
[Black "Bleuzen, Cedric"]
[Result "1-0"]
[WhiteElo "2101"]
[BlackElo "2054"]
[PlyCount "57"]
[EventDate "2009.09.27"]
[EventType "team"]
[EventRounds "11"]
[EventCountry "FRA"]
[Source "ChessBase"]
[SourceDate "2010.03.11"]

1. d4 e6 2. c4 f5 3. g3 Nf6 4. Bg2 Be7 5. Nc3 O-O 6. Nf3 Ne4 7. O-O d5 8. Qb3
c6 9. Nd2 Nd7 10. Ndxe4 fxe4 11. cxd5 cxd5 12. f3 exf3 13. exf3 Qb6 14. Be3 Bf6
15. Rfe1 Re8 16. Rac1 a6 17. Kh1 Qxb3 18. axb3 Nb6 19. f4 Bd7 20. g4 g6 21. f5
gxf5 22. gxf5 Bc6 23. fxe6 Rxe6 24. Bh3 Re7 25. Rg1+ Rg7 26. Be6+ Kh8 27. Rgf1
Bh4 28. Bf4 Re8 29. Be3 1-0

[Event "FRA-chT2 0910"]
[Site "France"]
[Date "2009.10.04"]
[Round "1.5"]
[White "Montagard, Guillaume"]
[Black "Boyd, Stephen"]
[Result "1/2-1/2"]
[WhiteElo "2241"]
[BlackElo "2310"]
[PlyCount "34"]
[EventDate "2009.09.27"]
[EventType "team"]
[EventRounds "11"]
[EventCountry "FRA"]
[Source "ChessBase"]
[SourceDate "2010.03.11"]

1. Nf3 g6 2. c4 Bg7 3. Nc3 c5 4. g3 Nc6 5. Bg2 e5 6. d3 Nge7 7. O-O O-O 8. Nd5
d6 9. a3 Nxd5 10. cxd5 Nd4 11. Nxd4 exd4 12. b4 b6 13. Ra2 Re8 14. e4 dxe3 15.
Bxe3 Bd7 16. Qb3 a5 17. b5 a4 1/2-1/2

[Event "FRA-chT2 0910"]
[Site "France"]
[Date "2009.10.04"]
[Round "1.5"]
[White "Pascal Mousselard, Philippe"]
[Black "Mania, Clement"]
[Result "1-0"]
[WhiteElo "1918"]
[BlackElo "2066"]
[PlyCount "115"]
[EventDate "2009.09.27"]
[EventType "team"]
[EventRounds "11"]
[EventCountry "FRA"]
[Source "ChessBase"]
[SourceDate "2010.03.11"]

1. b3 f5 2. Bb2 d6 3. e3 e5 4. d4 e4 5. c4 Nf6 6. Nc3 g6 7. Nge2 Bg7 8. Nf4 O-O
9. h4 Qe7 10. Be2 c6 11. Qd2 Na6 12. d5 c5 13. f3 Bh6 14. g3 Re8 15. Kf2 Bd7
16. Rad1 Rad8 17. fxe4 fxe4 18. a3 Bg4 19. Nb5 Rf8 20. Bxf6 Rxf6 21. Bxg4 Re8
22. Kg2 Nb8 23. Rdf1 Nd7 24. Bxd7 Qxd7 25. Qe2 Re5 26. Rf2 a6 27. Nc3 b5 28.
Rhf1 b4 29. axb4 cxb4 30. Nd1 g5 31. hxg5 Rxg5 32. Ne6 Rxe6 33. dxe6 Qxe6 34.
Rh1 Qg6 35. Rh3 Bg7 36. Qe1 Be5 37. Rd2 h5 38. Nf2 Bxg3 39. Rd5 Be5+ 40. Kh1
Qf5 41. Ra5 h4 42. Qf1 Kf7 43. Rxe5 dxe5 44. Qe2 Rg3 45. Rxh4 Qg6 46. Qf1 Qf6
47. Rh2 Rxe3 48. Kg1 Rf3 49. c5 e3 50. Qc4+ Kf8 51. Ne4 Qf5 52. Rg2 Qh7 53. Ng5
Qb1+ 54. Kh2 Rf6 55. Ne6+ Ke7 56. Rg7+ Ke8 57. Nc7+ Kd8 58. Qg8+ 1-0

[Event "FRA-chT2 0910"]
[Site "France"]
[Date "2009.10.04"]
[Round "1.5"]
[White "Rouze, Xavier"]
[Black "Kieffer, Christian"]
[Result "1/2-1/2"]
[WhiteElo "2039"]
[BlackElo "2120"]
[PlyCount "156"]
[EventDate "2009.09.27"]
[EventType "team"]
[EventRounds "11"]
[EventCountry "FRA"]
[Source "ChessBase"]
[SourceDate "2010.03.11"]

1. Nf3 c5 2. c4 Nc6 3. Nc3 g6 4. g3 Bg7 5. Bg2 e5 6. d3 Nge7 7. Nd5 d6 8. Bg5
h6 9. Bf6 O-O 10. Nd2 Bxf6 11. Nxf6+ Kg7 12. Nd5 Nxd5 13. cxd5 Ne7 14. O-O Nf5
15. a4 b6 16. Nc4 Qe7 17. b4 cxb4 18. a5 b5 19. Nd2 Bd7 20. e3 a6 21. Qb3 Rfc8
22. Qxb4 Rc2 23. Rfc1 Rac8 24. Rxc2 Rxc2 25. Ne4 h5 26. Nc3 Qf6 27. Rf1 Qd8 28.
Qb3 Rd2 29. Ne4 Qxa5 30. Nxd2 Qxd2 31. Rd1 Qe2 32. Bf1 Qg4 33. Ra1 Nh4 34. Bg2
Nxg2 35. Kxg2 Qh3+ 36. Kg1 Bg4 37. f4 h4 38. Qb2 hxg3 39. hxg3 Qxg3+ 40. Qg2
Qxe3+ 41. Kh2 Qxf4+ 42. Qg3 Qd2+ 43. Kg1 Bf5 44. Rxa6 Qc1+ 45. Kh2 Qc5 46. d4
Qxd5 47. dxe5 Qxe5 48. Rxd6 Qxg3+ 49. Kxg3 Be6 50. Rb6 Bc4 51. Kf4 Kh6 52. Rc6
Kh5 53. Rc5+ Kh4 54. Rg5 Bd3 55. Rg2 Bf5 56. Rb2 Bd7 57. Rg2 b4 58. Rb2 g5+ 59.
Kf3 Bc6+ 60. Kf2 f5 61. Rxb4+ Be4 62. Rb3 Kg4 63. Rb8 Kf4 64. Re8 Kg4 65. Re7
Kf4 66. Re8 g4 67. Rg8 Bf3 68. Rg7 Ke5 69. Rg8 Bd5 70. Rg5 Kf6 71. Rh5 Bf7 72.
Rh8 f4 73. Rc8 Bd5 74. Rc3 Be4 75. Ra3 Kg5 76. Ra5+ Kh4 77. Ra4 g3+ 78. Kg1 Bd3
1/2-1/2

[Event "FRA-chT2 0910"]
[Site "France"]
[Date "2009.10.04"]
[Round "1.5"]
[White "Sanchez, Nicolas"]
[Black "Entem, Alan"]
[Result "1-0"]
[WhiteElo "2159"]
[BlackElo "2115"]
[PlyCount "59"]
[EventDate "2009.09.27"]
[EventType "team"]
[EventRounds "11"]
[EventCountry "FRA"]
[Source "ChessBase"]
[SourceDate "2010.03.11"]

1. d4 Nf6 2. c4 g6 3. Nc3 Bg7 4. e4 O-O 5. Nf3 d6 6. Be2 e5 7. O-O Nc6 8. d5
Ne7 9. Ne1 Nd7 10. Nd3 f5 11. Bd2 Nf6 12. f3 f4 13. c5 g5 14. cxd6 cxd6 15. Rc1
Ng6 16. Nb5 Qb6+ 17. Nf2 g4 18. Nc7 g3 19. Nxa8 gxh2+ 20. Kxh2 Qd8 21. Rh1 Nh5
22. Kg1 Ng3 23. Rh2 Bf6 24. Bf1 Bh4 25. Nc7 Kh8 26. Be1 Nxf1 27. Kxf1 Bg3 28.
Rh5 Rg8 29. Ne6 Qe8 30. Ng4 1-0

[Event "FRA-chT2 0910"]
[Site "France"]
[Date "2009.10.04"]
[Round "1.5"]
[White "Tarin, Nicolas"]
[Black "Coudray, Frederic"]
[Result "1-0"]
[WhiteElo "2142"]
[BlackElo "2044"]
[PlyCount "99"]
[EventDate "2009.09.27"]
[EventType "team"]
[EventRounds "11"]
[EventCountry "FRA"]
[Source "ChessBase"]
[SourceDate "2010.03.11"]

1. e4 c5 2. Nf3 Nc6 3. d4 cxd4 4. Nxd4 Nf6 5. Nc3 e5 6. Ndb5 d6 7. Nd5 Nxd5 8.
exd5 Nb8 9. Be3 a6 10. Na3 Be7 11. Qd2 O-O 12. Nc4 Nd7 13. Be2 f5 14. f4 b5 15.
Na5 Nf6 16. Nc6 Qc7 17. c4 bxc4 18. Bxc4 Kh8 19. Qb4 Re8 20. fxe5 dxe5 21. Nxe7
Qxe7 22. Qxe7 Rxe7 23. O-O Rc7 24. b3 Ne4 25. Bd3 Nd6 26. Rac1 Rxc1 27. Rxc1 f4
28. Bc5 e4 29. Bb1 Nb7 30. Bd4 Nd6 31. Be5 Nf7 32. Bxf4 Bf5 33. Rc7 Kg8 34. g4
Bxg4 35. Bxe4 Re8 36. Bxh7+ Kxh7 37. Rxf7 Kg6 38. Ra7 Kf5 39. Bg3 Rd8 40. d6 g6
41. Rxa6 Ke4 42. Ra4+ Kf5 43. Rf4+ Kg5 44. Rf7 Bf5 45. Rc7 Kg4 46. Kf2 Ra8 47.
a4 Rb8 48. Rc4+ Kg5 49. d7 Rd8 50. Bh4+ 1-0